000
00330nam a2200133Ia 4500
008
151001s9999||||xx |||||||||||||| ||und||
100
_a
दुर्गा - भागवत
245
_a
अस्वल
250
_a
1
260
_b
वरदा बुक्स
260
_c
1982
300
_a
288
365
_b
21
999
_c
963169
_d
963166